| 000 | 00766nam a2200229 i 4500 | ||
|---|---|---|---|
| 001 | bg | ||
| 245 | 0 | 0 |
_aWieś i rolnictwo w okresie transformacji systemowej / _cpod red. nauk. Leszka Klanka ; Polska Akademia Nauk. Instytut Rozwoju Wsi i Rolnictwa. |
| 260 |
_aWarszawa : _bPAN. IRWiR, _c1995. |
||
| 300 |
_a233 s. : _bmapa, wykr. ; _c24 cm. |
||
| 490 | 1 | _aProblemy Rozwoju Wsi i Rolnictwa | |
| 650 | 9 |
_aRolnictwo _zPolska _yod 1989 r. |
|
| 650 | 9 |
_aWieś _zPolska _yod 1989 r. |
|
| 700 | 1 |
_aKLANK, Leszek. _eRed. |
|
| 830 | _aProblemy Rozwoju Wsi i Rolnictwa | ||
| 020 | _a8385369317 | ||
| 040 | _cBPK | ||
| 041 | 0 | _apl | |
| 080 | _a338.43:338.22(-22)](438)"1989/..." | ||
| 920 | _a83-85369-31-7 | ||
| 942 | _cKS | ||
| 008 | s pl f |000 0 pol | ||
| 999 |
_c37629 _d37629 |
||
| 856 |
_uhttp://koha.tu.koszalin.pl/cgi-bin/koha/opac-detail.pl?biblionumber=37629 _yKatalog online BPK |
||